Top 20 Most Equatorial Capital Cities - Statistics

General Stats
  • This quiz has been taken 54 times
  • The average score is 14 of 20
Answer Stats
capital % Correct
Kinshasa
100%
Quito
94%
Nairobi
92%
Bogotá
87%
Brazzaville
87%
Singapore
83%
Kampala
79%
Kuala Lumpur
79%
Mogadishu
77%
Yaoundé
77%
Kigali
73%
Bujumbura
69%
São Tomé
69%
Libreville
67%
Malé
63%
Bangui
60%
Malabo
58%
Victoria
56%
South Tarawa
37%
Yaren
35%
No matching quizzes found
Score Distribution
Percent of People with Each Score
Percentile by Number Answered
Your Score History
You have not taken this quiz